Globálne problémy a udržateľný rozvoj ako metóda ich riešenia bakalárska práca

Salvato in:
Dettagli Bibliografici
Autore principale: Tašká, Marianna
Ente Autore: Fakulta medzinárodných vzťahov EU. Katedra medzinárodných politických vzťahov
Altri autori: Krkošková, Zuzana
Natura: Libro
Lingua:slovacco
Pubblicazione: Bratislava 2017
Tags: Aggiungi Tag
Nessun Tag, puoi essere il primo ad aggiungerne!!

MARC

LEADER 00000nbm a2200000 4500
001 0232026
005 20180223122635.5
041 0 |a slo 
044 |a SK 
245 1 0 |a Globálne problémy a udržateľný rozvoj ako metóda ich riešenia  |b bakalárska práca  |c Marianna Tašká ; školiteľ: Zuzana Krkošková 
264 1 |a Bratislava  |c 2017 
300 |a 46 s. 
100 1 |a Tašká, Marianna 
700 1 |a Krkošková, Zuzana 
710 2 |a Fakulta medzinárodných vzťahov EU. Katedra medzinárodných politických vzťahov